[Event "Mitropa Cup"]
[Site "Apolda"]
[Date "2024.02.20"]
[Round "6.15"]
[White "Tomulic, Teo"]
[Black "Lavrencic, Matic"]
[Result "1/2-1/2"]
[WhiteElo "2357"]
[BlackElo "2299"]
[PlyCount "240"]
[EventDate "2024.02.15"]
[EventType "team-tourn"]
[EventRounds "9"]
[EventCountry "GER"]
[SourceTitle "CB09_2024"]
[SourceDate "2024.02.28"]
[SourceVersion "1"]
[SourceVersionDate "2024.02.28"]
[SourceQuality "1"]
[WhiteTeam "Croatia"]
[BlackTeam "Slovenia"]
[WhiteTeamCountry "CRO"]
[BlackTeamCountry "SLO"]

1. e4 c5 2. Nf3 e6 3. d4 cxd4 4. Nxd4 Nf6 5. Nc3 Nc6 6. Be2 Qc7 7. 0-0 Be7 8. Be3 0-0 9. f4 d6 10. Bf3 a6 11. Qe2 Nxd4 12. Bxd4 e5 13. Bf2 exf4 14. Qd2 Be6 15. Qxf4 Nd7 16. Nd5 Bxd5 17. exd5 Bf6 18. c3 Be5 19. Qd2 g6 20. Rac1 Bg7 21. c4 a5 22. b3 b6 23. Rfe1 Ne5 24. Be2 Rfe8 25. h3 h5 26. Bf1 Kh7 27. Be3 Nd7 28. Bf4 Be5 29. Be3 Bg3 30. Re2 Nc5 31. Bd4 Qd7 32. Rxe8 Rxe8 33. Bd3 Be5 34. Be3 Qe7 35. Bb1 Bh2+ 36. Kxh2 Qxe3 37. Rd1 Kg7 38. Bc2 Qe5+ 39. Kg1 Qg3 40. Qf2 Qe5 41. Rf1 f5 42. a3 Qe3 43. b4 axb4 44. axb4 Na6 45. Rb1 f4 46. Qxe3 Rxe3 47. Ba4 Re4 48. Bb5 Nc7 49. Bc6 Rxc4 50. Ra1 Kf6 51. Ra7 Ne6 52. Rd7 Ng5 53. Rxd6+ Ke5 54. Rxg6 Ne4 55. Kf1 Rxb4 56. d6 Nxd6 57. Rg5+ Kf6 58. Rxh5 Nf5 59. Rh8 Rb2 60. Rd8 Ne3+ 61. Kg1 b5 62. Rd4 Ke5 63. Re4+ Kd6 64. Bxb5 Rxb5 65. Rxf4 Ke5 66. Ra4 Rb2 67. g4 Nd5 68. Kf1 Nc3 69. Rc4 Ne4 70. Ke1 Kd5 71. Rc8 Kd4 72. Rd8+ Ke3 73. Kd1 Rh2 74. Kc1 Rxh3 75. Kc2 Rh2+ 76. Kb3 Rh7 77. g5 Nxg5 78. Kc4 Nf3 79. Re8+ Kf4 80. Rf8+ Ke4 81. Re8+ Ne5+ 82. Kc3 Rc7+ 83. Kd2 Rc6 84. Re7 Kd4 85. Re8 Rd6 86. Ke2 Nd3 87. Rf8 Rd7 88. Kf3 Re7 89. Rd8+ Kc3 90. Rc8+ Kd2 91. Rd8 Re3+ 92. Kg4 Re5 93. Kf3 Re7 94. Ra8 Rf7+ 95. Ke4 Rf4+ 96. Kd5 Rh4 97. Rd8 Nb4+ 98. Ke5+ Ke3 99. Ra8 Rh5+ 100. Kf6 Nd5+ 101. Kg6 Rh1 102. Kf5 Rh5+ 103. Kg6 Re5 104. Ra3+ Ke4 105. Ra4+ Kf3 106. Ra1 Nf4+ 107. Kf6 Rb5 108. Rf1+ Ke4 109. Re1+ Kd4 110. Rd1+ Nd3 111. Rh1 Rb6+ 112. Kf5 Ra6 113. Rh4+ Kd5 114. Rh8 Rd6 115. Ra8 Rd7 116. Kf6 Nc5 117. Ra5 Rb7 118. Ra1 Ne4+ 119. Kf5 Rf7+ 120. Kg4 Ke5 1/2-1/2

[Event "Mitropa Cup"]
[Site "Apolda"]
[Date "2024.02.19"]
[Round "5.7"]
[White "Lavrencic, Matic"]
[Black "Bochnicka, Vladimir1"]
[Result "1/2-1/2"]
[WhiteElo "2299"]
[BlackElo "2405"]
[PlyCount "62"]
[EventDate "2024.02.15"]
[EventType "team-tourn"]
[EventRounds "9"]
[EventCountry "GER"]
[SourceTitle "CB09_2024"]
[SourceDate "2024.02.28"]
[SourceVersion "1"]
[SourceVersionDate "2024.02.28"]
[SourceQuality "1"]
[WhiteTeam "Slovenia"]
[BlackTeam "Slovakia"]
[WhiteTeamCountry "SLO"]
[BlackTeamCountry "SVK"]

1. e4 c5 2. Nf3 Nc6 3. Bb5 e6 4. 0-0 Nge7 5. c3 a6 6. Ba4 b5 7. Bc2 d5 8. d4 cxd4 9. Nxd4 Nxd4 10. cxd4 dxe4 11. Bxe4 Nd5 12. Nc3 Bb7 13. Qf3 Be7 14. Nxd5 Bxd5 15. Bxd5 Qxd5 16. Qxd5 exd5 17. Be3 Kd7 18. Rfc1 Rhc8 19. Kf1 Bd6 20. g3 a5 21. Rxc8 Rxc8 22. Rc1 Re8 23. Ke2 h6 24. Kd3 g5 25. h4 gxh4 26. gxh4 Re4 27. Bxh6 Rxh4 28. Be3 a4 29. Rg1 Rh8 30. Ke2 Ke6 31. Kd3 Kd7 1/2-1/2

[Event "Nova Gorica op 28th"]
[Site "Nova Gorica"]
[Date "2024.01.29"]
[Round "5"]
[White "Ceschia, Ivano"]
[Black "Lavrencic, Matic"]
[Result "1-0"]
[WhiteElo "2183"]
[BlackElo "2299"]
[PlyCount "71"]
[EventDate "2024.01.26"]
[EventType "swiss"]
[EventRounds "9"]
[EventCountry "SLO"]
[SourceTitle "CB06_2024"]
[SourceDate "2024.02.07"]
[SourceVersion "1"]
[SourceVersionDate "2024.02.07"]
[SourceQuality "1"]

1. e4 c5 2. Nf3 e6 3. d3 Nc6 4. g3 d6 5. Bg2 Nf6 6. 0-0 Be7 7. Nbd2 0-0 8. a4 Bd7 9. Nc4 Rc8 10. Re1 h6 11. Bf4 e5 12. Bd2 Be6 13. Ne3 Re8 14. Nh4 d5 15. Nhf5 Bf8 16. exd5 Nxd5 17. Bxd5 Bxd5 18. Nxd5 Qxd5 19. Qg4 Kh8 20. Ne3 Qd8 21. Bc3 Rc7 22. Nc4 Rce7 23. Re2 Qc7 24. Rae1 Kg8 25. h4 Re6 26. h5 Nd4 27. Bxd4 cxd4 28. Qf5 Bb4 29. Rc1 a6 30. c3 dxc3 31. bxc3 Bd6 32. Qe4 Bc5 33. a5 Ba7 34. Rb1 R8e7 35. Reb2 Rc6 36. Rxb7 1-0

[Event "Nova Gorica op 28th"]
[Site "Nova Gorica"]
[Date "2024.01.27"]
[Round "2"]
[White "Lavrencic, Matic"]
[Black "Beliavsky, Alexander G"]
[Result "1/2-1/2"]
[WhiteElo "2299"]
[BlackElo "2475"]
[PlyCount "69"]
[EventDate "2024.01.26"]
[EventType "swiss"]
[EventRounds "9"]
[EventCountry "SLO"]
[SourceTitle "CB06_2024"]
[SourceDate "2024.02.07"]
[SourceVersion "1"]
[SourceVersionDate "2024.02.07"]
[SourceQuality "1"]

1. e4 e5 2. Nf3 Nc6 3. Bc4 Bc5 4. c3 Nf6 5. d3 d6 6. 0-0 0-0 7. h3 h6 8. Re1 a6 9. a4 Ba7 10. Nbd2 Ne7 11. Bb3 Ng6 12. Nf1 c6 13. Ng3 d5 14. exd5 Nxd5 15. d4 exd4 16. Nxd4 Re8 17. Rxe8+ Qxe8 18. Bxd5 cxd5 19. Be3 Bb8 20. Ndf5 Bxf5 21. Nxf5 Qe5 22. Ng3 Qe6 23. Ne2 Nh4 24. Nd4 Qe4 25. Qg4 Bc7 26. Rd1 Rd8 27. Nf3 Nxf3+ 28. gxf3 Qe6 29. Bd4 Qxg4+ 30. fxg4 f6 31. Kg2 Kf7 32. Kf3 Ke6 33. Re1+ Be5 34. Ke3 g5 35. Kd3 1/2-1/2

[Event "Bayern-chI Bank Hofmann 26th"]
[Site "Tegernsee"]
[Date "2023.11.03"]
[Round "7"]
[White "Lavrencic, Matic"]
[Black "Lagarde, Maxime"]
[Result "0-1"]
[WhiteElo "2319"]
[BlackElo "2626"]
[PlyCount "54"]
[EventDate "2023.10.28"]
[EventType "swiss"]
[EventRounds "9"]
[EventCountry "GER"]
[SourceTitle "Mega2024 Update 01"]
[Source "Chessbase"]
[SourceDate "2023.11.12"]
[SourceVersion "1"]
[SourceVersionDate "2023.11.12"]
[SourceQuality "1"]

1. e4 c5 2. Nf3 e6 3. d4 cxd4 4. Nxd4 Nf6 5. Bd3 Nc6 6. Nxc6 bxc6 7. Bf4 d5 8. Nd2 g6 9. c3 Nh5 10. Be3 Bd6 11. 0-0 0-0 12. b4 e5 13. Be2 Ng7 14. exd5 cxd5 15. Nb3 Bc7 16. Bc5 Re8 17. Bb5 Re6 18. Qd2 Bb7 19. Be3 d4 20. Bc4 dxe3 21. Qxd8+ Rxd8 22. Bxe6 exf2+ 23. Rxf2 Nxe6 24. Rd2 Bb6+ 25. Kf1 Ba6+ 26. Ke1 Rc8 27. Rc2 Bd3 0-1

[Event "EU-ch U14 30th"]
[Site "Antalya"]
[Date "2022.11.13"]
[Round "8"]
[White "Lavrencic, Matic"]
[Black "Tsarsitalidis, Christos"]
[Result "1-0"]
[WhiteElo "2335"]
[BlackElo "2127"]
[PlyCount "83"]
[EventDate "2022.11.06"]
[EventType "swiss"]
[EventRounds "9"]
[EventCountry "TUR"]
[SourceTitle "CBM 211 Extra"]
[Source "ChessBase"]
[SourceDate "2023.01.31"]
[SourceVersion "1"]
[SourceVersionDate "2023.01.31"]
[SourceQuality "1"]

1. e4 c6 2. d4 d5 3. e5 c5 4. Nf3 cxd4 5. Qxd4 Nc6 6. Qf4 e6 7. Bd3 Nb4 8. Nc3 Nxd3+ 9. cxd3 Ne7 10. Ne2 Ng6 11. Qg3 b6 12. h4 Ba6 13. h5 Ne7 14. Nfd4 h6 15. Bd2 Qd7 16. 0-0 Nc6 17. Rfc1 Nxd4 18. Nxd4 Rc8 19. a3 Rxc1+ 20. Rxc1 Rh7 21. Bb4 Bxb4 22. axb4 Bb7 23. b5 Kf8 24. Qf4 Kg8 25. Qd2 Rh8 26. Qc3 Kh7 27. Qc7 Rd8 28. f4 Kg8 29. f5 exf5 30. Nxf5 Qxf5 31. Qxd8+ Kh7 32. Qe7 Qxd3 33. Rf1 Qe3+ 34. Kh2 Qe2 35. Rf5 Bc8 36. Qxf7 Qe4 37. Qg6+ Kg8 38. Qe8+ Kh7 39. Qxc8 Qh4+ 40. Kg1 Qe1+ 41. Rf1 Qe3+ 42. Kh1 1-0